Guía de supervivencia del entrenador de fútbol: técnicas de entrenamiento y estrategias para elaborar una planificación eficaz y un equipo ganador
Guardat en:
| Autors principals: | , |
|---|---|
| Format: | Llibre |
| Idioma: | espanyol |
| Publicat: |
Barcelona
Paidotribo
2004
|
| Col·lecció: | Colección Fútbol
|
| Matèries: | |
| Etiquetes: |
Afegir etiqueta
Sense etiquetes, Sigues el primer a etiquetar aquest registre!
|
MARC
| LEADER | 00000nam a2200000 a 4500 | ||
|---|---|---|---|
| 001 | UCL7627 | ||
| 003 | CL-VaPUC | ||
| 008 | 040528e20040000SP |||||||||||||||||spa|d | ||
| 020 | |a 8480197102 | ||
| 082 | 0 | 4 | |a 796.334077 |b WAR |2 21 |
| 100 | 0 | |a Warren, William E |e author |9 485447 | |
| 700 | 0 | |a Danner, George D |e author |9 485448 | |
| 245 | 1 | 0 | |a Guía de supervivencia del entrenador de fútbol: técnicas de entrenamiento y estrategias para elaborar una planificación eficaz y un equipo ganador |
| 300 | |a 386 p | ||
| 942 | |c BK | ||
| 945 | |d 20040528 00:00:00 |a cmena | ||
| 260 | |a Barcelona |b Paidotribo |c 2004 | ||
| 650 | 0 | |a Fútbol |9 307513 | |
| 650 | 7 | |a ENTRENAMIENTO ATLETICO |2 CL-VaPUC |9 485449 | |
| 650 | 7 | |a EQUIPOS DE FUTBOL |2 CL-VaPUC |9 458180 | |
| 650 | 7 | |a ENTRENADORES DE FUTBOL |2 CL-VaPUC |9 459073 | |
| 650 | 0 | |a Relaciones interpersonales |9 307056 | |
| 650 | 0 | |a Planificación estratégica |9 259735 | |
| 583 | |a last modification |c 20040528 00:00:00 |k Rodrigo Vera | ||
| 490 | 0 | |a Colección Fútbol | |
| 999 | |c 309259 |d 309257 | ||
| 952 | |0 0 |1 0 |4 0 |6 796_334077000000000_WAR_2004 |7 0 |8 A |9 376631 |a BIBEDU |b BIBEDU |d 2019-11-21 |i 4020324 |o 796.334077 WAR 2004 |p 4020324 |r 2019-11-21 |w 2019-11-21 |y BK |k EFI | ||